Statistics for Shakespeare... or the Bible?

Click here to take the quiz!

General Stats

  • This quiz has been taken 32,002 times
  • The average score is 11 of 15

Answer Stats

QuestionAnswer% Correct
Out, damned spot!Shakespeare
91%
Get thee to a nunneryShakespeare
88%
Suffer little children, and forbid them not, to come unto meBible
83%
Now is the winter of our discontentShakespeare
83%
Cry "Havoc!", and let slip the dogs of warShakespeare
82%
Am I my brother's keeper?Bible
79%
An eye for an eye, and a tooth for a toothBible
73%
To every thing there is a season, and a time to every purpose under the heavenBible
70%
For the love of money is the root of all evilBible
69%
There is nothing either good or bad, but thinking makes it soShakespeare
68%
Pride goeth before destruction, and an haughty spirit before a fallBible
67%
Uneasy lies the head that wears the crownShakespeare
64%
There is no new thing under the sunBible
61%
If you prick us, do we not bleed?Shakespeare
54%
A man hath no better thing under the sun, than to eat, and to drink, and to be merryBible
37%

Score Distribution

Percentile by Number Answered

Percent of People with Each Score

Your Score History

You have not taken this quiz